|
|
|
|
| LEADER |
00000nam a2200000 4500 |
| 001 |
vtls012262619 |
| 003 |
SK-MaSNL |
| 005 |
20260301060759.0 |
| 008 |
240821s2023 xr hac n 001 0dcze |
| 020 |
|
|
|a 9788075255853
|q (brožované)
|
| 040 |
|
|
|a SNK
|b slo
|c SNK
|e rda
|
| 041 |
0 |
|
|a cze
|
| 044 |
|
|
|a xr
|c CZ
|
| 072 |
|
7 |
|2 konspekt
|
| 080 |
|
|
|2 2011
|
| 100 |
1 |
|
|a Borek, Vojtěch,
|d 1985-
|4 aut
|9 372617
|
| 245 |
1 |
0 |
|a Waffen-SS 1933-1945
|c autoři: Vojtěch Borek, Marek Brzkovský, Norbert Brzkovský, Karel Cidlinský, Vladimír Černý, Václav Flek, Miroslav Mašek, Marek Meško, Josef Pavlín, Jaromír Sobotka, Lukáš Visingr
|
| 246 |
3 |
3 |
|a Vojska Waffen-SS 1933-1945
|
| 246 |
1 |
|
|i Obálkový podnázov:
|a Slavné divize, úspěchy na bojišti, válečné zločiny, ideologie a symbolika
|
| 250 |
|
|
|a Vydání první
|
| 264 |
|
1 |
|a Brno
|b Extra Publishing
|c 2023
|
| 300 |
|
|
|a 129 strán
|b faksimile, ilustrácie, mapy, portréty
|c 25 cm
|
| 336 |
|
|
|a text
|b txt
|2 rdacontent
|
| 337 |
|
|
|a bez média
|b n
|2 rdamedia
|
| 338 |
|
|
|a zväzok
|b nc
|2 rdacarrier
|
| 490 |
1 |
|
|a Extra edice vojska
|
| 500 |
|
|
|a Obsahuje profesijné údaje o hlavnom autorovi
|
| 504 |
|
|
|a Obsahuje bibliografiu a register
|
| 655 |
|
7 |
|a literatúra faktu
|2 SNKPH
|9 70526
|
| 655 |
|
7 |
|a Non fiction
|2 SNKPHeng
|9 284535
|
| 700 |
1 |
|
|a Brzkovský, Marek,
|d 1972-
|4 aut
|9 372618
|
| 700 |
1 |
|
|a Brzkovský, Norbert,
|d 1999-
|4 aut
|9 372619
|
| 700 |
1 |
|
|a Cidlinský, Karel,
|d 1965-
|4 aut
|9 372620
|
| 700 |
1 |
|
|a Černý, Vladimír,
|d 1975-
|4 aut
|9 372621
|
| 700 |
1 |
|
|a Flek, Václav
|4 aut
|9 372622
|
| 700 |
1 |
|
|a Mašek, Miroslav,
|d 1983-
|4 aut
|9 372623
|
| 700 |
1 |
|
|a Meško, Marek,
|d 1977-
|4 aut
|9 106007
|
| 700 |
1 |
|
|a Pavlín, Josef
|4 aut
|9 372624
|
| 700 |
1 |
|
|a Sobotka, Jaromír
|4 aut
|9 372625
|
| 700 |
1 |
|
|a Visingr, Lukáš,
|d 1983-
|4 aut
|9 372626
|
| 830 |
|
0 |
|a Extra edice vojska
|9 372627
|
| 852 |
|
|
|a Slovenská národná knižnica
|
| 919 |
|
|
|a 978-80-7525-585-3
|
| 958 |
|
|
|a ZS
|
| 958 |
|
|
|a NB
|
| 999 |
|
|
|c 616262
|d 618192
|
| 952 |
|
|
|a SNK
|b SNK
|y NEVYP
|7 1
|p 17A1582322
|o snkSC 212833
|i snk2025/19118
|8 4
|g 7.24
|0 0
|1 0
|4 0
|d 2024-08-21
|l 0
|r 2026-02-23 16:38:43
|w 2026-02-23
|